Представление документа в формате RUSMARC

Поле Инд. ПП Название Значение
Тип записи a
Библиографический уровень a
001 Контрольный номер 8da26d7964334609b5369c0b9978a416
005 Дата корректировки 20190129133756.1
100 a Данные общей обработки 20190129 ||| 0rusy0189 ca
101 0_ a Язык текста rus
102 a Страна публикации RU
200 1_ f Первые сведения об ответственности А. Чакински
a Заглавие Споры с экспатами и новые акты по ним в трудовых спорах
b Общее обозначение материала Текст
210 1_ d Дата издания 2018
461 _0 1 2000
a Трудовое право
463 _0 1 2000
a № 12
v С. 57-68
1 2101
d 2018
1 0011d8b957256d1489a88b912afa942aff3
606 a Основная рубрика Трудовое право
610 0_ a Ключевые слова ТРУДОВЫЕ ПРАВООТНОШЕНИЯ
a Ключевые слова ТРУДОВЫЕ СПОРЫ
a Ключевые слова ИНОСТРАННЫЕ ГРАЖДАНЕ
700 _1 a Фамилия Чакински
b Имя А.
801 _0 a Страна RU
b Организация РГУП
c Дата составления 20190129
g Правила каталогизации PSBO
801 _1 a Страна RU
b Организация РГУП
c Дата составления 20190129
g Правила каталогизации PSBO
901 t Тип документа b
w Контрольный № источника 1d8b957256d1489a88b912afa942aff3
905 a Дата ввода 20190129